00754 2200277 4500001002100000005001500021035002500036008004100061020002200102040001700124082001400141084001600155100002900171245004600200260003000246300002800276650003300304850001200337007000300349090002000352090002100372250002000393999002100413990002100434990002100455INLIS00000000001188820200225013638 a0010-091500000000401150904s2015 yoi f ind d a978-979-29-4822-6 aYOPDYOGbind 223a248.4 a248.4 ABR p aAbraham Alex Tanuseputra aPelayanan roh /cAbraham Alex Tanuseputra aYogyakarta :bAndi,c2015 avi, 44 halaman ;c18 cm aKehidupan beragama (Kristen) aYOPDYOGta aDEP 248.4 ABR p aCB-D.11 2015-154 aCetakan I, 2015 aCB-D.11/2015-154 aCB-D.11/2015-154 aCB-D.11/2015-154